Germany national team A-Z - Statistics

General Stats
  • This quiz has been taken 24 times
  • The average score is 15 of 24
Answer Stats
Hint Question Answer % Correct
A Which national team did Germany face three times in a World Cup final? Argentina
96%
F Who was the national coach when the team was eliminated in the group stage at the 2022 World Cup? Hansi Flick
78%
L The coach who has won the most matches with the German national team. Joachim Low
74%
G Germany's World Cup hero at the 2014 World Cup in Brazil. Mario Gotze
74%
J Which national team won the group in which the German national team was eliminated in 2022? Japan
70%
N Who is Germany's current national coach? Julian Nagelsmann
70%
K Germany's record goal scorer. Miroslav Klose
70%
P Which national team did the German team beat in the match for third place at the 2006 World Cup in their own country? Portugal
70%
Q Where was the 2022 World Cup held when the German national team was already eliminated in the group stage? Qatar
70%
R Who scored twice against the German national team in Germany's World Cup final defeat in 2002? Ronaldo
70%
S The country in which the German national team won its first World Cup title. Switzerland
70%
H Against which national team did Germany win in the final of the ‘Miracle of Bern’? Hungary
65%
E Which national team finished second in Germany's group at the 2006 World Cup held in Germany? Ecuador
61%
M The German national team's record player. Lothar Matthaus
61%
Y Which national team did Germany beat 1-4 in their first match at the 1990 World Cup? Yugoslavia
61%
V Which former national player, who scored in three different World Cups, is currently the sporting director of the German national team? Rudi Voller
57%
W The German international who transferred for the highest transfer fee. Florian Wirtz
52%
B Which German national team player scored two goals in the 1996 European Championship final? Oliver Bierhoff
52%
D What is the name of the national team in Germany? Deutschland
48%
O What is the name of the stadium where Germany won the World Cup title in 1990? Olympic Stadium
48%
C Which national team did Germany beat in the final of the 1996 European Championship? Czechia
43%
T Who scored the winning goal in the 2008 European Championship final against Germany? Fernando Torres
43%
U Germany has never lost to this national team in its entire history. Ukraine
39%
I Who was the goalkeeper during the 1990 World Cup victory? Bodo Illgner
30%
No matching quizzes found
Score Distribution
Percent of People with Each Score
Percentile by Number Answered
Your Score History
You have not taken this quiz